| 000 | 01029nam a2200229 a 4500 | ||
|---|---|---|---|
| 008 | 120416s1992 ||||||||||||||||| || u | ||
| 020 | _a1856490483 | ||
| 050 | _aDT 8099.B4 Bou | ||
| 100 | _aPityana, N. Barney | ||
| 245 | 1 | 0 |
_aBounds of possibility _cedited by N. Barney Pityana |
| 246 | _athe legacy of Steve Biko & black consciousness | ||
| 260 |
_aLondon _bZed Books _c1992 |
||
| 300 | _aviii, 264 p. | ||
| 350 | _a0.00 | ||
| 500 | _aBibliography. | ||
| 650 | _aAPARTHEID--SOUTH AFRICA | ||
| 650 | _aCIVIL RIGHTS WORKERS--SOULTH AFRICA-- BIOGRAPHY | ||
| 650 | _aBLACKS--SOUTH AFRICA--POLITICS AND GOVERNMENT | ||
| 650 | _aSOUTH AFRICA--POLITICS AND GOVERNMENT | ||
| 995 |
_aMAIN LIBRARY OPEN ACCESS _D0.00 _e723974 _FCBU-MAIN LIBRARY (Kitwe) _H1 _I10.50 _jDT 8099.B4 Bou _M1 _UAVAILABLE _WSep 8, 2006 _y001062 _ZMain Library Open Access Collection |
||
| 995 |
_aMAIN LIBRARY OPEN ACCESS _D0.00 _e723975 _FCBU-MAIN LIBRARY (Kitwe) _H2 _I10.50 _jDT 8099.B4 Bou _M1 _UAVAILABLE _WSep 8, 2006 _y001063 _ZMain Library Open Access Collection |
||
| 999 |
_c81181 _d81181 |
||